| 000 | 00603nam a22001817a 4500 | ||
|---|---|---|---|
| 008 | 131210s2012 ua ||||gr|||| 000 1 ara d | ||
| 020 | _a9771444425 | ||
| 082 | 0 | 4 |
_222 _a813 _bم ن ص |
| 245 | 1 | 2 |
_aالذين عادوا إلى السماء / _cأنيس منصور. |
| 250 | _aط. 2. | ||
| 260 |
_aالجيزة، مصر : _bدار نهضة مصر، _c2012. |
||
| 300 |
_a179 ص. ؛ _c20 سم. |
||
| 590 | _aBook for the road program. | ||
| 650 | 0 |
_928134 _aالقصص العربية _yقرن 20 _zمصر |
|
| 653 |
_bAra _cDecember2013 |
||
| 655 |
_vreading book _934232 |
||
| 942 |
_2ddc _cBB _k813 م ن ص |
||
| 999 |
_c17816 _d17788 |
||